000 00388 a2200169 4500
001 188276
020 _a978-85-262-4442-9
040 _cMagnum
100 _aLouzeiro, José
240 1 0 _aTriste fim de policarpo quaresma
_lpor
245 1 0 _aTriste fim de policarpo quaresma
300 _a103
362 0 _a2011
440 1 _aScipione
697 _aLITERATURA JUVENIL
942 _cBK
999 _c188276
_d188276